000 004290000a22001810004500
003 MACL
005 20151202121056.0
008 151202b xxu||||| |||| 00| 0 eng d
040 _aMACL
_cMACL
041 _aEnglish
082 _a741.642
100 _aChaturvedi, M D
_918983
245 _aThe Felines
260 _bNational Books Trust.
_c1970
350 _a3
650 _aChildren's Books
_97484
942 _cBK
_k741.642
_2ddc
999 _c7635
_d7635